[Event "Titled Tue 3rd Jan Late"]
[Site "chess.com INT"]
[Date "2025.06.03"]
[Round "8"]
[White "Materia, Marco"]
[Black "Shukhman, Anna"]
[Result "0-1"]
[WhiteTitle "IM"]
[BlackTitle "WGM"]
[WhiteElo "2489"]
[BlackElo "2413"]
[WhiteFideId "45150451"]
[BlackFideId "54180058"]
[EventDate "2025.06.03"]

1. Nf3 d5 2. b3 Nf6 3. Bb2 c5 4. e3 g6 5. Bb5+ Bd7 6. Be2 Bg7 7. O-O O-O 8. c4
Bc6 9. cxd5 Nxd5 10. Bxg7 Kxg7 11. Qc1 Nd7 12. d4 cxd4 13. Nxd4 Rc8 14. Qb2 N5f6
15. Nxc6 Rxc6 16. Bf3 Rc7 17. Nc3 Ne5 18. Be2 Nd3 19. Qd2 Nf4 20. Qxd8 Rxd8 21.
Bc4 Nd3 22. Nb5 Rcd7 23. Nxa7 Ne5 24. Bb5 Rd2 25. Ba4 Ne4 26. Nb5 Ng4 27. f3
Nxe3 28. fxe4 Rxg2+ 29. Kh1 Rdd2 30. Rf3 Rxh2+ 31. Kg1 Rdg2# 0-1

[Event "Titled Tue 3rd Jan Late"]
[Site "chess.com INT"]
[Date "2025.06.03"]
[Round "8"]
[White "Swara Lakshmi S Nair"]
[Black "Vaganian, Rafael A"]
[Result "0-1"]
[WhiteTitle "WCM"]
[BlackTitle "GM"]
[WhiteElo "2178"]
[BlackElo "2449"]
[WhiteFideId "25629239"]
[BlackFideId "13300016"]
[EventDate "2025.06.03"]

1. e4 e6 2. d4 d5 3. Nd2 c5 4. exd5 exd5 5. Ngf3 Nc6 6. Bb5 Bd6 7. O-O Ne7 8.
dxc5 Bxc5 9. Nb3 Bd6 10. Re1 O-O 11. h3 h6 12. Be3 Nf5 13. Bd2 Bc7 14. c3 Qd6
15. Bd3 Bd7 16. Qc2 g6 17. Rad1 Rfe8 18. Rxe8+ Rxe8 19. c4 Ncd4 20. Nbxd4 Nxd4
21. Bb4 Nxf3+ 22. Kf1 Qh2 23. gxf3 Qh1# 0-1

[Event "Titled Tue 3rd Jan Late"]
[Site "chess.com INT"]
[Date "2025.06.03"]
[Round "8"]
[White "Shymanskyi, Oleksandr"]
[Black "Danzer, George"]
[Result "1-0"]
[WhiteTitle "FM"]
[BlackTitle "CM"]
[WhiteElo "2218"]
[BlackElo "2172"]
[WhiteFideId "14168880"]
[BlackFideId "4659465"]
[EventDate "2025.06.03"]

1. b3 Nf6 2. Bb2 d5 3. e3 Bf5 4. f4 e6 5. Nf3 Be7 6. g3 h6 7. Bg2 Nbd7 8. O-O c6
9. d3 Bh7 10. Qe2 a5 11. a4 O-O 12. Nbd2 b5 13. e4 Qb6+ 14. Kh1 dxe4 15. Nxe4
Nxe4 16. dxe4 Nc5 17. Bd4 Rfd8 18. Qe3 b4 19. Ne5 f6 20. Nd3 Rxd4 21. Qxd4 Rd8
22. Qe3 Nd7 23. Qxb6 Nxb6 24. Rad1 c5 25. Nb2 c4 26. Rxd8+ Bxd8 27. Nxc4 Nxc4
28. bxc4 Kf7 29. f5 e5 30. Rd1 Ke7 31. c5 Bg8 32. Bf1 Bc7 33. Bb5 1-0

[Event "Titled Tue 3rd Jan Late"]
[Site "chess.com INT"]
[Date "2025.06.03"]
[Round "8"]
[White "Sindarov, Islombek"]
[Black "Avila, Lucas"]
[Result "1-0"]
[WhiteTitle "CM"]
[WhiteElo "2129"]
[BlackElo "2182"]
[WhiteFideId "14205475"]
[BlackFideId "107751"]
[EventDate "2025.06.03"]

1. c4 Nf6 2. g3 g6 3. Bg2 Bg7 4. Nf3 O-O 5. O-O d6 6. Nc3 e5 7. d3 Re8 8. h3 Nc6
9. Be3 h6 10. Qd2 Kh7 11. a3 Be6 12. b4 d5 13. cxd5 Nxd5 14. Ne4 b6 15. Rac1 Nd4
16. Bxd4 exd4 17. Rc6 Bd7 18. Rc4 Bb5 19. Rxd4 Bxd4 20. Nxd4 f5 21. Nxb5 fxe4
22. dxe4 Nf6 23. Qxd8 Raxd8 24. Nxc7 Re7 25. Nd5 Nxd5 26. exd5 Rxe2 27. Rc1 Rd7
28. Bf3 Rd2 29. Kg2 Kg7 30. Rc6 Rd3 31. Be4 Rxa3 32. Rxg6+ Kf7 33. Rxh6 a5 34.
Rxb6 axb4 35. Rxb4 Kg7 36. Rb6 Re7 37. Re6 Rf7 38. f4 Rb7 39. h4 Rb2+ 40. Kh3
Re3 41. h5 Rbb3 42. h6+ Kf8 43. Rg6 Kf7 44. h7 Rb8 45. Bf5 Rh8 46. Rg8 Rxg8 47.
Be6+ 1-0

[Event "Titled Tue 3rd Jan Late"]
[Site "chess.com INT"]
[Date "2025.06.03"]
[Round "8"]
[White "Dubnevych, Maksym"]
[Black "Danila, Tudor-Gabriel"]
[Result "1-0"]
[WhiteTitle "FM"]
[BlackTitle "CM"]
[WhiteElo "2292"]
[BlackElo "2178"]
[WhiteFideId "14184001"]
[BlackFideId "1274244"]
[EventDate "2025.06.03"]

1. Nc3 d5 2. e4 dxe4 3. Nxe4 Bf5 4. Qf3 Qc8 5. d4 Nf6 6. Nxf6+ exf6 7. Bc4 Be7
8. c3 O-O 9. Ne2 Re8 10. O-O Bd6 11. Nf4 Be4 12. Qh5 g6 13. Qh4 g5 14. Qh5 Qd7
15. f3 Bf5 16. Nd5 Kh8 17. Nxf6 Qe7 18. Nxe8 Qxe8 19. Bxg5 Bg6 20. Bf6+ Kg8 21.
Qg5 Nd7 22. Rae1 Qc8 23. Be7 Nb6 24. Bb3 Bxe7 25. Rxe7 Kf8 26. Qf6 Qd8 27. Rxf7+
Kg8 1-0

[Event "Titled Tue 3rd Jan Late"]
[Site "chess.com INT"]
[Date "2025.06.03"]
[Round "8"]
[White "Noy, Eyal"]
[Black "Van der Werf, Mark"]
[Result "0-1"]
[WhiteTitle "FM"]
[BlackTitle "IM"]
[WhiteElo "2346"]
[BlackElo "2391"]
[WhiteFideId "2821117"]
[BlackFideId "1000470"]
[EventDate "2025.06.03"]

1. e4 d6 2. d4 Nf6 3. Bd3 e5 4. c3 Nc6 5. Ne2 d5 6. exd5 Qxd5 7. O-O e4 8. Bc2
Bg4 9. h3 Bh5 10. Nd2 O-O-O 11. Bb3 Qd7 12. Nc4 Bd6 13. Be3 Nd5 14. Qd2 f5 15.
Nf4 Bxf4 16. Bxf4 g5 17. Bxg5 Rdg8 18. Bf4 Bf3 19. g3 h5 20. Ne5 Nxe5 21. Bxe5
h4 22. Bxh8 hxg3 23. fxg3 Rxg3+ 24. Kh2 f4 25. Bxd5 Qxh3# 0-1

[Event "Titled Tue 3rd Jan Late"]
[Site "chess.com INT"]
[Date "2025.06.03"]
[Round "8"]
[White "Naroditsky, Daniel"]
[Black "Bacrot, Etienne"]
[Result "1-0"]
[WhiteTitle "GM"]
[BlackTitle "GM"]
[WhiteElo "2619"]
[BlackElo "2633"]
[WhiteFideId "2026961"]
[BlackFideId "605506"]
[EventDate "2025.06.03"]

1. e4 c5 2. Nf3 Nc6 3. Bb5 e5 4. O-O Nge7 5. c3 a6 6. Bc4 b5 7. Bd5 d6 8. d4 Bb7
9. Bxf7+ Kxf7 10. Ng5+ Kg8 11. d5 Nb8 12. f4 Nd7 13. Qg4 Nf5 14. Qxf5 Qe7 15.
Ne6 Qf6 16. Qh3 Qe7 17. fxe5 Nxe5 18. Bg5 Qd7 19. Nd2 Be7 20. Rf5 Bxg5 21. Rxg5
g6 22. Rf1 Qe7 23. Qg3 Re8 24. Nf3 Nxf3+ 25. Rxf3 Qxe6 26. dxe6 1-0

[Event "Titled Tue 3rd Jan Late"]
[Site "chess.com INT"]
[Date "2025.06.03"]
[Round "8"]
[White "Catelli, Hernan"]
[Black "Tripodi, Enzo"]
[Result "0-1"]
[WhiteTitle "CM"]
[WhiteElo "2212"]
[BlackElo "2215"]
[WhiteFideId "116483"]
[BlackFideId "2822674"]
[EventDate "2025.06.03"]

1. c4 f5 2. Nc3 Nf6 3. g3 d6 4. Bg2 e5 5. d3 c6 6. e4 g6 7. Nge2 Bg7 8. O-O O-O
9. exf5 gxf5 10. d4 e4 11. h3 d5 12. Be3 Kh8 13. b3 Be6 14. Nf4 Bf7 15. Qe2 Nbd7
16. Rfd1 Rg8 17. Rac1 Nf8 18. Kh2 a6 19. cxd5 cxd5 20. Na4 Ne6 21. Qc2 Nxf4 22.
Bxf4 Nh5 23. Be5 Qg5 24. Bxg7+ Rxg7 25. Qd2 f4 26. g4 Rag8 27. Rc7 e3 28. fxe3
fxe3 29. Qc1 Qf4+ 30. Kg1 Qf2+ 31. Kh2 Qg3+ 32. Kh1 Nf4 33. Rg1 Nxh3 34. Rc2
Nf2+ 35. Rxf2 exf2 0-1

[Event "Titled Tue 3rd Jan Late"]
[Site "chess.com INT"]
[Date "2025.06.03"]
[Round "8"]
[White "Gyurjinyan, Valter"]
[Black "Medina Paz, Miguel"]
[Result "1-0"]
[WhiteTitle "CM"]
[BlackTitle "IM"]
[WhiteElo "2208"]
[BlackElo "2368"]
[WhiteFideId "13318179"]
[BlackFideId "7300379"]
[EventDate "2025.06.03"]

1. e4 c5 2. Nf3 Nc6 3. c3 Nf6 4. e5 Nd5 5. d4 cxd4 6. cxd4 d6 7. exd6 e6 8. Nc3
Bxd6 9. Bd3 O-O 10. O-O h6 11. a3 Nce7 12. Re1 Bd7 13. Ne5 Bc6 14. Ne4 Qc7 15.
Bxh6 Bxe5 16. dxe5 gxh6 17. Qg4+ Ng6 18. Nf6+ Nxf6 19. exf6 Rad8 20. Bxg6 fxg6
21. Rxe6 Kh8 22. Re7 Qd6 23. Re6 Qd2 24. h4 Rd4 25. Qxg6 Rg8 26. f7 Rxg6 27.
f8=Q+ Rg8 28. Rxh6+ 1-0

[Event "Titled Tue 3rd Jan Late"]
[Site "chess.com INT"]
[Date "2025.06.03"]
[Round "8"]
[White "Zhigalko, Sergei"]
[Black "Firouzja, Alireza"]
[Result "0-1"]
[WhiteTitle "GM"]
[BlackTitle "GM"]
[WhiteElo "2572"]
[BlackElo "2757"]
[WhiteFideId "13502956"]
[BlackFideId "12573981"]
[EventDate "2025.06.03"]

1. e4 g6 2. d4 Bg7 3. Nc3 a6 4. Nf3 b5 5. a4 b4 6. Ne2 Bb7 7. Ng3 h5 8. Bd3 h4
9. Ne2 h3 10. gxh3 Rxh3 11. Ng5 Rh8 12. c3 e6 13. Bf4 Nc6 14. a5 e5 15. Be3 Nh6
16. Rg1 exd4 17. cxd4 Qe7 18. Qb3 O-O-O 19. Rc1 Kb8 20. d5 Ne5 21. Bc5 Qf6 22.
Bb1 Nhg4 23. f4 Rxh2 24. fxe5 Qxg5 25. Qxb4 Bxe5 0-1

[Event "Titled Tue 3rd Jan Late"]
[Site "chess.com INT"]
[Date "2025.06.03"]
[Round "8"]
[White "Postny, Evgeny"]
[Black "Jagirapu, Harshin Reddy"]
[Result "1-0"]
[WhiteTitle "GM"]
[WhiteElo "2525"]
[BlackElo "2042"]
[WhiteFideId "2804344"]
[BlackFideId "39910679"]
[EventDate "2025.06.03"]

1. e4 c6 2. Nc3 d5 3. d3 e6 4. g3 Nd7 5. Qe2 Bc5 6. Bg2 Ne7 7. Nf3 a5 8. O-O O-O
9. h4 h6 10. h5 Nf6 11. d4 dxe4 12. Nxe4 Nxe4 13. Qxe4 Ba7 14. Rd1 Qd5 15. Qg4
Qf5 16. Qh4 Nd5 17. c3 Nf6 18. Ne5 Qxh5 19. Qxh5 Nxh5 20. g4 Nf6 21. Be3 Nd5 22.
Bd2 f6 23. Ng6 Re8 24. Be4 e5 25. dxe5 Bxg4 26. Re1 Rad8 27. Kg2 fxe5 28. f3 Bh5
29. Re2 Kf7 30. Nh4 Nf6 31. Bc2 e4 32. Bb3+ Kf8 33. f4 Bxe2 34. Ng6# 1-0

[Event "Titled Tue 3rd Jan Late"]
[Site "chess.com INT"]
[Date "2025.06.03"]
[Round "8"]
[White "Guliev, Gasan"]
[Black "Asish Panda"]
[Result "0-1"]
[WhiteTitle "CM"]
[WhiteElo "2123"]
[BlackElo "1911"]
[WhiteFideId "34165638"]
[BlackFideId "45012458"]
[EventDate "2025.06.03"]

1. d4 d5 2. Nf3 e6 3. Bg5 Nf6 4. c4 Be7 5. Nc3 O-O 6. Qc2 b6 7. e3 Bb7 8. Rc1
Nbd7 9. cxd5 exd5 10. Bd3 h6 11. h4 c5 12. Ne5 Nxe5 13. dxe5 Ne4 14. Bf4 Nxc3
15. bxc3 Rc8 16. Bf5 Rc6 17. g3 Bc8 18. Rd1 Be6 19. e4 Qc8 20. g4 dxe4 21. Qxe4
Rc7 22. Rd3 Rd7 23. Bxe6 fxe6 24. Rg3 Qa6 25. g5 Rfd8 26. f3 Rd1+ 27. Kf2 Rxh1
28. gxh6 Qf1+ 29. Ke3 Qe1# 0-1

[Event "Titled Tue 3rd Jan Late"]
[Site "chess.com INT"]
[Date "2025.06.03"]
[Round "8"]
[White "Vlassov, Nikolai"]
[Black "Ferreira, Vitor Hugo Vieira"]
[Result "1-0"]
[WhiteTitle "IM"]
[WhiteElo "2291"]
[BlackElo "2128"]
[WhiteFideId "4103360"]
[BlackFideId "2119765"]
[EventDate "2025.06.03"]

1. e4 c5 2. c3 Nf6 3. e5 Nd5 4. d4 cxd4 5. cxd4 e6 6. Nc3 d6 7. f4 dxe5 8. fxe5
Nxc3 9. bxc3 Qh4+ 10. g3 Qe4+ 11. Kf2 Qxh1 12. Nf3 Bd7 13. Qb3 Bc6 14. Bg2 Qxg2+
15. Kxg2 Nd7 16. c4 Nb6 17. a4 Rc8 18. Kf2 Be7 19. a5 Bxf3 20. axb6 Be4 21. bxa7
O-O 22. Ba3 Bxa3 23. Rxa3 f6 24. Ke3 Bh1 25. Qb6 fxe5 26. Qxe6+ Kh8 27. Qxc8
exd4+ 28. Kxd4 Rxc8 29. a8=Q 1-0

[Event "Titled Tue 3rd Jan Late"]
[Site "chess.com INT"]
[Date "2025.06.03"]
[Round "8"]
[White "Ocampos, Ian"]
[Black "Molinaroli, Martin"]
[Result "1-0"]
[BlackTitle "FM"]
[WhiteElo "2219"]
[BlackElo "2161"]
[WhiteFideId "117544"]
[BlackFideId "4606604"]
[EventDate "2025.06.03"]

1. e4 c6 2. d4 d5 3. f3 g6 4. c4 Bg7 5. Nc3 dxe4 6. Be3 exf3 7. Nxf3 Nf6 8. h3
O-O 9. Bd3 Bf5 10. Bxf5 gxf5 11. O-O e6 12. Qe1 Ne4 13. Rd1 Nd7 14. Nxe4 fxe4
15. Ng5 h6 16. Nxe4 f5 17. Ng3 Nf6 18. Qd2 Kh7 19. Ne2 Qe7 20. Nf4 Rad8 21. Qc2
Ne4 22. Rfe1 Rg8 23. d5 cxd5 24. cxd5 e5 25. Ne6 Rc8 26. Qd3 Bf6 27. Rf1 Ng3 28.
Rxf5 e4 29. Rxf6 exd3 30. Rxh6# 1-0

[Event "Titled Tue 3rd Jan Late"]
[Site "chess.com INT"]
[Date "2025.06.03"]
[Round "8"]
[White "Robert, Yoann"]
[Black "Kaczur, Florian"]
[Result "1/2-1/2"]
[WhiteTitle "CM"]
[BlackTitle "IM"]
[WhiteElo "2198"]
[BlackElo "2500"]
[WhiteFideId "36018805"]
[BlackFideId "705098"]
[EventDate "2025.06.03"]

1. d4 Nf6 2. Nc3 d5 3. Bf4 Nh5 4. Be5 Nf6 5. Nb5 Na6 6. e3 g6 7. h4 h6 8. Nc3
Nb8 9. Nb5 Na6 10. Nc3 Bg7 11. Bxa6 bxa6 12. Nf3 O-O 13. Na4 Bg4 14. Nc5 Ne4 15.
Bxg7 Kxg7 16. Nd3 f6 17. Qc1 c5 18. dxc5 Nxc5 19. Nxc5 Qa5+ 20. Qd2 Qxc5 21. Nd4
e5 22. Nb3 Qc4 23. f3 Bf5 24. c3 Rfd8 25. Kf2 Rab8 26. Rad1 Rb5 27. Qe2 Qxe2+
28. Kxe2 Bc2 29. Rd2 Bxb3 30. axb3 Rxb3 31. Ra1 Rb6 32. Ra5 Kf7 33. e4 Rdb8 34.
Raxd5 Rxb2 35. Rd7+ Ke6 36. Rd6+ Ke7 37. Rd7+ Ke8 38. Rxa7 Rxd2+ 39. Kxd2 Rb2+
40. Kd3 Rxg2 41. Rxa6 Kf7 42. Ra7+ Ke6 43. Ra6+ Ke7 44. Ra7+ Ke6 45. Ra6+ Kf7
46. Ra7+ Ke6 1/2-1/2

[Event "Titled Tue 3rd Jan Late"]
[Site "chess.com INT"]
[Date "2025.06.03"]
[Round "8"]
[White "Ozalp, Burak"]
[Black "Muromtsev, Arthur"]
[Result "1-0"]
[WhiteTitle "CM"]
[BlackTitle "FM"]
[WhiteElo "2059"]
[BlackElo "1967"]
[WhiteFideId "6314210"]
[BlackFideId "4177002"]
[EventDate "2025.06.03"]

1. e4 e5 2. Nf3 Nc6 3. Bb5 a6 4. Ba4 d6 5. d4 exd4 6. Qxd4 Bd7 7. Bxc6 Bxc6 8.
Nc3 Nf6 9. Bg5 Be7 10. O-O-O O-O 11. Kb1 Ng4 12. Bxe7 Qxe7 13. h3 Ne5 14. Nxe5
dxe5 15. Qe3 Rad8 16. f3 Rxd1+ 17. Rxd1 Rd8 18. Rxd8+ Qxd8 19. b3 h6 20. Kb2 Qd4
21. Qxd4 exd4 22. Ne2 Bb5 23. Nxd4 Bf1 24. g4 Bxh3 25. c4 g6 26. Kc3 h5 27. gxh5
gxh5 28. Kd2 c5 29. Ne2 Bg2 30. Ke3 h4 31. Kf2 Bh3 32. a4 b6 33. Nf4 Bc8 34. Nd5
b5 35. Ne7+ Kg7 36. Nxc8 Kf6 37. cxb5 axb5 1-0

[Event "Titled Tue 3rd Jan Late"]
[Site "chess.com INT"]
[Date "2025.06.03"]
[Round "8"]
[White "Papasimakopoulos, Alexandros"]
[Black "Antoniou, Rafail"]
[Result "0-1"]
[WhiteTitle "IM"]
[BlackTitle "CM"]
[WhiteElo "2366"]
[BlackElo "2134"]
[WhiteFideId "4244125"]
[BlackFideId "5904390"]
[EventDate "2025.06.03"]

1. d4 d5 2. c4 e6 3. Nc3 Nf6 4. cxd5 exd5 5. Bg5 c6 6. e3 Be6 7. Bd3 Nbd7 8. Qc2
h6 9. Bh4 g5 10. Bg3 Nh5 11. O-O-O Nxg3 12. hxg3 Qf6 13. Nf3 O-O-O 14. Kb1 Kb8
15. Ka1 Rc8 16. Rc1 Bg7 17. Rhd1 c5 18. Qa4 c4 19. Bb1 Nb6 20. Qc2 Rhd8 21. Ne5
h5 22. f4 h4 23. f5 Bd7 24. g4 Be8 25. g3 hxg3 26. Rg1 Bf8 27. Qg2 a6 28. Qxg3
Bd6 29. e4 Ka7 30. exd5 Bb5 31. Ne4 Qe7 32. Nxd6 Rxd6 33. Nxf7 Rxd5 34. Ne5 Rxd4
35. Rge1 Qb4 36. Qf2 Rd2 37. Qxd2 Qxd2 38. Rcd1 Qh2 39. f6 Na4 40. Re2 Qxe2 41.
Rd2 Qxd2 42. Bc2 Qxc2 43. f7 Qc1# 0-1

[Event "Titled Tue 3rd Jan Late"]
[Site "chess.com INT"]
[Date "2025.06.03"]
[Round "8"]
[White "Panin, Mikhail"]
[Black "Terry, Renato"]
[Result "0-1"]
[WhiteTitle "CM"]
[BlackTitle "IM"]
[WhiteElo "2262"]
[BlackElo "2508"]
[WhiteFideId "34164992"]
[BlackFideId "3803457"]
[EventDate "2025.06.03"]

1. e4 e6 2. d4 d5 3. exd5 exd5 4. Nf3 Nc6 5. Nc3 Bb4 6. Bd3 Bg4 7. O-O Nge7 8.
h3 Bh5 9. g4 Bg6 10. Ne2 Bd6 11. Bf4 h5 12. Ne5 Bxe5 13. dxe5 hxg4 14. hxg4 Qd7
15. f3 O-O-O 16. Kg2 d4 17. Qd2 Bxd3 18. Qxd3 Nd5 19. Qe4 Rhe8 20. Rfe1 f6 21.
Qg6 Nxe5 22. Qf5 d3 23. Qxd7+ Rxd7 24. Bxe5 Rxe5 25. Nc3 Nxc3 26. bxc3 Rxe1 27.
Rxe1 dxc2 28. Rc1 Rd2+ 29. Kg3 g5 0-1

[Event "Titled Tue 3rd Jan Late"]
[Site "chess.com INT"]
[Date "2025.06.03"]
[Round "8"]
[White "Cornelisse, Lorelei"]
[Black "Horobetz, Graham"]
[Result "0-1"]
[WhiteTitle "WFM"]
[WhiteElo "2132"]
[BlackElo "2250"]
[WhiteFideId "1087177"]
[BlackFideId "2047322"]
[EventDate "2025.06.03"]

1. d4 Nf6 2. Nc3 d5 3. Bf4 c5 4. e3 cxd4 5. exd4 a6 6. Nf3 Bg4 7. h3 Bxf3 8.
Qxf3 Nc6 9. O-O-O e6 10. Bd3 Rc8 11. Rhe1 Be7 12. Be5 O-O 13. g4 Nxe5 14. dxe5
Nd7 15. h4 Bxh4 16. Kb1 Rxc3 17. bxc3 Qb6+ 18. Ka1 Qc7 19. Rh1 g5 20. Rxh4 gxh4
21. g5 Nxe5 22. Bxh7+ Kxh7 23. Qh5+ Kg8 24. Qxh4 Qxc3+ 25. Kb1 Nc4 0-1

[Event "Titled Tue 3rd Jan Late"]
[Site "chess.com INT"]
[Date "2025.06.03"]
[Round "8"]
[White "Schuster, Karsten"]
[Black "Holinka, Henning"]
[Result "0-1"]
[WhiteTitle "FM"]
[BlackTitle "FM"]
[WhiteElo "2266"]
[BlackElo "2303"]
[WhiteFideId "4611071"]
[BlackFideId "12967084"]
[EventDate "2025.06.03"]

1. d4 d5 2. c4 Nf6 3. cxd5 Nxd5 4. Nf3 Nb6 5. Nc3 g6 6. e4 Bg7 7. Qb3 O-O 8. Be3
Nc6 9. d5 Ne5 10. Nxe5 Bxe5 11. Rd1 f5 12. f4 Bxc3+ 13. bxc3 fxe4 14. c4 e6 15.
dxe6 Qe7 16. c5 Bxe6 17. Qc2 Nd5 18. Qxe4 Rae8 19. Rxd5 Bxd5 20. Qxd5+ Rf7 21.
Bc4 Qxe3+ 22. Kd1 Re7 23. Qd2 Qxc5 24. Bxf7+ Kxf7 25. Rf1 Qb5 26. Qf2 Qd3+ 27.
Kc1 Re2 28. Qc5 Qd2+ 0-1

[Event "Titled Tue 3rd Jan Late"]
[Site "chess.com INT"]
[Date "2025.06.03"]
[Round "8"]
[White "Erdogmus, Yagiz Kaan"]
[Black "Jumabayev, Rinat"]
[Result "1-0"]
[WhiteTitle "GM"]
[BlackTitle "GM"]
[WhiteElo "2618"]
[BlackElo "2551"]
[WhiteFideId "44599790"]
[BlackFideId "13702661"]
[EventDate "2025.06.03"]

1. b3 d5 2. Bb2 c5 3. e3 a6 4. Nf3 Nc6 5. d4 Nf6 6. Nbd2 Bg4 7. dxc5 e6 8. Be2
Bxc5 9. O-O O-O 10. c4 dxc4 11. Bxc4 b5 12. Be2 Nb4 13. a3 Nd3 14. Bxf6 gxf6 15.
Qc2 Bf5 16. Bxd3 Bxd3 17. Qxc5 Rc8 18. Qh5 Bxf1 19. Rxf1 Qd3 20. Qh4 Qg6 21. Ne4
Kg7 22. Qf4 f5 23. Nh4 Qg4 24. Qe5+ f6 25. Qxe6 Rce8 26. Qd7+ Kh8 27. Nd6 1-0

[Event "Titled Tue 3rd Jan Late"]
[Site "chess.com INT"]
[Date "2025.06.03"]
[Round "8"]
[White "Woodward, Andy"]
[Black "Atanasov, Anthony"]
[Result "1-0"]
[WhiteTitle "GM"]
[BlackTitle "IM"]
[WhiteElo "2547"]
[BlackElo "2402"]
[WhiteFideId "30953499"]
[BlackFideId "2623897"]
[EventDate "2025.06.03"]

1. e4 e5 2. Nc3 Nf6 3. Bc4 Be7 4. d3 O-O 5. f4 exf4 6. Bxf4 c6 7. e5 Ne8 8. Qh5
d5 9. Bb3 a5 10. a3 b5 11. Nf3 Nc7 12. O-O Ne6 13. Bd2 Na6 14. Ne2 Nac5 15. Ba2
a4 16. Ng3 g6 17. Qh6 f5 18. exf6 Bxf6 19. Bb4 Rf7 20. Rae1 Na6 21. Bc3 Bxc3 22.
bxc3 Qf8 23. Qxf8+ Rxf8 24. Ne5 Rxf1+ 25. Nxf1 Nb8 26. Nxc6 Nxc6 27. Bxd5 Ra6
28. Bxe6+ Bxe6 29. Rxe6 b4 30. cxb4 Kf7 31. Re4 1-0

[Event "Titled Tue 3rd Jan Late"]
[Site "chess.com INT"]
[Date "2025.06.03"]
[Round "8"]
[White "Zhukovskyi, Oleksandr"]
[Black "Raptis, Nick"]
[Result "0-1"]
[WhiteTitle "CM"]
[BlackTitle "FM"]
[WhiteElo "2153"]
[BlackElo "2220"]
[WhiteFideId "14169371"]
[BlackFideId "2016850"]
[EventDate "2025.06.03"]

1. b3 b6 2. Bb2 Bb7 3. e3 Nf6 4. c4 g6 5. Bxf6 exf6 6. d4 h5 7. Nc3 Bh6 8. Nf3
Kf8 9. d5 Kg7 10. Bd3 c5 11. Qc2 d6 12. Nh4 f5 13. g3 Bg5 14. Ng2 h4 15. gxh4
Bxh4 16. Nxh4 Qxh4 17. O-O-O Nd7 18. Rdg1 Kf8 19. f4 Nf6 20. Kb2 Re8 21. Qd2 Ke7
22. b4 cxb4 23. Nb5 a5 24. Re1 Kd7 25. a3 Ba6 26. axb4 Bxb5 27. cxb5 Ne4 28.
Bxe4 Rxe4 29. bxa5 bxa5 30. Qxa5 Qf2+ 31. Ka1 Rc8 32. Rc1 Rec4 33. Qa7+ R8c7 0-1

[Event "Titled Tue 3rd Jan Late"]
[Site "chess.com INT"]
[Date "2025.06.03"]
[Round "8"]
[White "Yevchenko, Oleksandr"]
[Black "Mafra, Kaiser Luiz"]
[Result "1-0"]
[WhiteTitle "CM"]
[BlackTitle "CM"]
[WhiteElo "2276"]
[BlackElo "2094"]
[WhiteFideId "14108267"]
[BlackFideId "2106698"]
[EventDate "2025.06.03"]

1. c4 e5 2. Nc3 d5 3. cxd5 c6 4. dxc6 Nxc6 5. e3 Nf6 6. a3 Bc5 7. d3 O-O 8. Nf3
Qe7 9. Be2 Rd8 10. Qc2 Bf5 11. b4 Bxb4 12. axb4 Nxb4 13. Qb3 Nxd3+ 14. Bxd3 Bxd3
15. Ba3 Qc7 16. Rc1 Ng4 17. h3 Nf6 18. Nd2 Qa5 19. Bb4 Qb6 20. Be7 Rd7 21. Qxb6
axb6 22. Bxf6 gxf6 23. Nde4 Kg7 24. f3 f5 25. Nd2 Rc8 26. Na2 Ra8 27. Nb4 Bb5
28. g4 Ra3 29. Nc2 Rad3 30. Rh2 Ba4 31. Re2 fxg4 32. hxg4 Rc7 33. Ne4 Bxc2 34.
Rcxc2 Rxc2 35. Rxc2 Rxe3+ 36. Kf2 Rb3 37. Rc7 b5 38. Rxb7 Rb2+ 39. Kg3 b4 40.
Nd6 b3 41. Nxf7 Kf6 42. Nd6 Rb1 43. Ne4+ Kg6 44. Rb6+ Kg7 45. Kg2 b2 46. Nf2 Ra1
47. Rxb2 1-0

[Event "Titled Tue 3rd Jan Late"]
[Site "chess.com INT"]
[Date "2025.06.03"]
[Round "8"]
[White "Gustafsson, Jan"]
[Black "Loskutova, Viktoriya"]
[Result "1-0"]
[WhiteTitle "GM"]
[BlackTitle "WFM"]
[WhiteElo "2591"]
[BlackElo "2066"]
[WhiteFideId "4625498"]
[BlackFideId "34166278"]
[EventDate "2025.06.03"]

1. c4 Nf6 2. Nc3 g6 3. e4 d6 4. d4 Bg7 5. Be2 O-O 6. Be3 Na6 7. Nf3 e5 8. O-O
Re8 9. Qc2 Nb4 10. Qd2 exd4 11. Nxd4 Nxe4 12. Nxe4 Rxe4 13. Bf3 Rxd4 14. Bxd4
Bxd4 15. Qxb4 c5 16. Qd2 Be6 17. Rac1 Rb8 18. b3 a6 19. a4 b5 20. cxb5 axb5 21.
a5 Bxb3 22. a6 Qb6 23. Bb7 c4 24. Rfe1 c3 25. Rxc3 Bxc3 26. Qxc3 Be6 27. Qf6 b4
28. h4 h5 29. Rxe6 fxe6 30. Qxg6+ Kf8 31. Qf6+ Kg8 32. Qxe6+ Kg7 33. Qe7+ Kg8
34. Bd5+ Kh8 35. a7 1-0

[Event "Titled Tue 3rd Jan Late"]
[Site "chess.com INT"]
[Date "2025.06.03"]
[Round "8"]
[White "Erzhanov, Arman"]
[Black "Ivanov, Andrey A."]
[Result "0-1"]
[WhiteTitle "FM"]
[BlackTitle "CM"]
[WhiteElo "2136"]
[BlackElo "2103"]
[WhiteFideId "4138821"]
[BlackFideId "2514311"]
[EventDate "2025.06.03"]

1. e4 c5 2. Nf3 d6 3. Bb5+ Bd7 4. Bxd7+ Qxd7 5. O-O g6 6. Re1 Bg7 7. c3 Nc6 8.
d4 cxd4 9. cxd4 Nf6 10. Nc3 O-O 11. Bg5 Rac8 12. Qd2 Na5 13. b3 Nc6 14. Bh6 a6
15. Bxg7 Kxg7 16. Rac1 Rfd8 17. Nd5 Nxd5 18. exd5 Na7 19. Qg5 Rxc1 20. Rxc1 h6
21. Qe3 Rc8 22. h3 Rc7 23. Re1 Nb5 24. a4 Nc3 25. Nh2 Nxd5 26. Qf3 Nf6 27. Ng4
Nxg4 28. hxg4 b5 29. axb5 axb5 30. d5 Rc5 31. Qe4 Qc7 32. Qxe7 Qxe7 33. Rxe7
Rxd5 34. Rb7 Kf6 35. g3 Rc5 36. Kg2 d5 37. b4 Rc6 0-1